Sports Quiz

Random Sports or Football Quiz

Red Star Belgrade Squad 2009/2010 Quiz Stats

Quiz not verified by Sporcle

Challenge
Share
Tweet
Embed
Score 0/27 Timer 05:00
0 Plays Today
Position Answer % Correct
GoalkeeperBoban Bajković
100%
DefenderPavle Ninkov
100%
MidfielderVladimir Bogdanović
100%
MidfielderCadu
100%
ForwardAleksandar Jevtić
100%
ForwardDejan Lekić
100%
ForwardSlavko Perović
100%
ForwardBranimir Subašić
100%
GoalkeeperSaša Stamenković
87.5%
DefenderBojan Đorđević
87.5%
DefenderSlavoljub Đorđević
87.5%
DefenderNikola Ignjatijević
87.5%
MidfielderMohammed Aval Issah
87.5%
MidfielderNikola Lazetić
87.5%
Position Answer % Correct
MidfielderSávio
87.5%
GoalkeeperBojan Pavlović
75%
DefenderNikola Mikić
75%
DefenderVujadin Savić
75%
MidfielderMarko Blažić
75%
CoachRatko Dostanić
75%
ForwardMiloš Trifunović
62.5%
DefenderMilan Vilotić
50%
MidfielderDarko Lazović
50%
MidfielderNemanja Nikolić
50%
MidfielderNemanja Cvetković
12.5%
MidfielderMilan Jeremić
12.5%
DefenderNikola Vasiljević
0%

You're not logged in!

Compare scores with friends on all Sporcle quizzes.
Sign Up with Email
OR
Log In

You Might Also Like...

Show Comments

Extras

Top Quizzes Today


Score Distribution

Your Account Isn't Verified!

In order to create a playlist on Sporcle, you need to verify the email address you used during registration. Go to your Sporcle Settings to finish the process.